Personnel selection and productivity / (Record no. 346885)
[ view plain ]
| 000 -LEADER | |
|---|---|
| fixed length control field | 01227 a2200241 4500 |
| 003 - CONTROL NUMBER IDENTIFIER | |
| control field | OSt |
| 005 - DATE AND TIME OF LATEST TRANSACTION | |
| control field | 20180116182831.0 |
| 008 - FIXED-LENGTH DATA ELEMENTS--GENERAL INFORMATION | |
| fixed length control field | 161124b xxu||||| |||| 00| 0 eng d |
| 020 ## - INTERNATIONAL STANDARD BOOK NUMBER | |
| International Standard Book Number | 0471940461 (paperback) |
| 020 ## - INTERNATIONAL STANDARD BOOK NUMBER | |
| International Standard Book Number | 9780471940463 (paperback) |
| 040 ## - CATALOGING SOURCE | |
| Transcribing agency | 0 |
| 082 04 - DEWEY DECIMAL CLASSIFICATION NUMBER | |
| Classification number | 658.3112 COO 1990 |
| 100 1# - MAIN ENTRY--PERSONAL NAME | |
| Personal name | Cook, Mark. |
| 245 10 - TITLE STATEMENT | |
| Title | Personnel selection and productivity / |
| Statement of responsibility, etc. | Mark Cook. |
| 250 ## - EDITION STATEMENT | |
| Edition statement | 2nd ed. |
| 260 ## - PUBLICATION, DISTRIBUTION, ETC. | |
| Place of publication, distribution, etc. | [S.l.] : |
| Name of publisher, distributor, etc. | John Wiley & Sons, |
| Date of publication, distribution, etc. | 1994. |
| 300 ## - PHYSICAL DESCRIPTION | |
| Extent | 306 p. ; |
| Dimensions | 23 cm. |
| Other physical details | PB. |
| 440 ## - SERIES STATEMENT/ADDED ENTRY--TITLE | |
| Title | Personnel selection and productivity |
| 500 ## - GENERAL NOTE | |
| General note | PB. |
| 520 ## - SUMMARY, ETC. | |
| Summary, etc. | This updated edition covers the latest research on selection methods. All of the major methods are reviewed: interview, references and ratings, biodata, ability tests, personality assessments, assessment centres and miscellaneous methods such as work samples, in-tray tests, tests of physical strength and others. Technical issues of validity and criteria are also fully covered, as is the role of the law in selection. Finally, the author discusses in detail the latest developments in the field. |
| 856 40 - ELECTRONIC LOCATION AND ACCESS | |
| Materials specified | Amazon.com |
| Uniform Resource Identifier | <a href="http://www.amazon.com/exec/obidos/ASIN/0471940461/chopaconline-20">http://www.amazon.com/exec/obidos/ASIN/0471940461/chopaconline-20</a> |
| 942 ## - ADDED ENTRY ELEMENTS (KOHA) | |
| Institution code [OBSOLETE] | NBS |
| Koha item type | Book |
| Call number prefix | 658.3112 COO 1990 |
| Source of classification or shelving scheme | |
| Withdrawn status | Lost status | Damaged status | Not for loan | Permanent Location | Current Location | Date acquired | Total Checkouts | Full call number | Barcode | Date last seen | Price effective from | Koha item type |
|---|---|---|---|---|---|---|---|---|---|---|---|---|
| Central Library (CL) | Central Library (CL) | 08/28/2013 | 658.3 COO | NBS2174 | 08/28/2013 | 08/28/2013 | Book |
